Introduction to fundamentals of computer science and information technology application (Record no. 3809)

MARC details
000 -LEADER
fixed length control field 00450nam a22001457a 4500
008 - FIXED-LENGTH DATA ELEMENTS--GENERAL INFORMATION
fixed length control field 250605b |||||||| |||| 00| 0 eng d
020 ## - INTERNATIONAL STANDARD BOOK NUMBER
ISBN 9789788415217
100 ## - MAIN ENTRY--AUTHOR
Author Okwudili Anigbosu
245 ## - TITLE STATEMENT
Title Introduction to fundamentals of computer science and information technology application
260 ## - PUBLICATION, DISTRIBUTION, ETC. (IMPRINT)
Place of publication Anambra
Name of publisher Christon international company limited
Date of publication 2015
300 ## - COLLATION
Pagination 342p
650 ## - TRACINGS
Main Subject Computer science
942 ## - ADDED ENTRY ELEMENTS (KOHA)
Item type Books
050 ## - LIBRARY OF CONGRESS CALL NUMBER
Classification number QA 76
Item number .O 39
Holdings
Source of classification or shelving scheme Not for loan Permanent location Current location Date acquired Accession No. Full call number Barcode. Koha item type
Library of Congress Classification   Samuel Ogbemudia Main Library, University of Abuja Samuel Ogbemudia Main Library, University of Abuja 06/05/2025 2023/61324 QA 76.O 39 2025-2426 Books